000 00266cam a2200109ua 4500
082 _a821
_bCOL/BO
100 _aCollins, V.H .
_91822
245 _aBook of Narraiative Verse /
260 _aLondon :
_bOxford University Press ,
_c1963.
300 _a412 ; .
942 _cBK
999 _c888
_d888